Statistics for Independent nations of the Caribbean

Click here to take the quiz!

General Stats

  • This quiz has been taken 43 times
  • The average score is 12 of 13

Answer Stats

Country% Correct
4Cuba
100%
10St Kitts and Nevis
100%
9Jamaica
98%
3Barbados
95%
5Dominica
95%
7Grenada
95%
11St Lucia
95%
13Trinidad and Tobago
95%
1Antigua and Barbuda
93%
6Dominican Republic
93%
8Haiti
93%
12St Vincent and the Grenadines
93%
2Bahamas
90%

Score Distribution

Percentile by Number Answered

Percent of People with Each Score

Your Score History

You have not taken this quiz